<?xml version="1.0" encoding="UTF-8"?>
<record
    xmlns:xsi="http://www.w3.org/2001/XMLSchema-instance"
    xsi:schemaLocation="http://www.loc.gov/MARC21/slim http://www.loc.gov/standards/marcxml/schema/MARC21slim.xsd"
    xmlns="http://www.loc.gov/MARC21/slim">

  <leader>03607cam a22004218i 4500</leader>
  <controlfield tag="001">18892264</controlfield>
  <controlfield tag="003">OSt</controlfield>
  <controlfield tag="005">20230901111437.0</controlfield>
  <controlfield tag="008">151211s2016    nyu           001 0 eng  </controlfield>
  <datafield tag="010" ind1=" " ind2=" ">
    <subfield code="a">  2015044424</subfield>
  </datafield>
  <datafield tag="020" ind1=" " ind2=" ">
    <subfield code="a">9789356403345</subfield>
  </datafield>
  <datafield tag="040" ind1=" " ind2=" ">
    <subfield code="a">DLC</subfield>
    <subfield code="b">eng</subfield>
    <subfield code="c">DLC</subfield>
    <subfield code="e">rda</subfield>
  </datafield>
  <datafield tag="042" ind1=" " ind2=" ">
    <subfield code="a">pcc</subfield>
  </datafield>
  <datafield tag="050" ind1="0" ind2="0">
    <subfield code="a">HD2341</subfield>
    <subfield code="b">.B873 2016</subfield>
  </datafield>
  <datafield tag="082" ind1="0" ind2="0">
    <subfield code="a">658.022</subfield>
    <subfield code="b">BUR/E</subfield>
  </datafield>
  <datafield tag="084" ind1=" " ind2=" ">
    <subfield code="a">BUS025000</subfield>
    <subfield code="a">BUS041000</subfield>
    <subfield code="a">BUS060000</subfield>
    <subfield code="2">bisacsh</subfield>
  </datafield>
  <datafield tag="100" ind1="1" ind2=" ">
    <subfield code="a">Burns, Paul,</subfield>
    <subfield code="d">1949-</subfield>
    <subfield code="e">author.</subfield>
    <subfield code="9">9380</subfield>
  </datafield>
  <datafield tag="245" ind1="1" ind2="0">
    <subfield code="a">Entrepreneurship and small business :</subfield>
    <subfield code="b">start-up, growth and maturity /</subfield>
    <subfield code="c">Paul Burns.</subfield>
  </datafield>
  <datafield tag="250" ind1=" " ind2=" ">
    <subfield code="a">5th edition.</subfield>
  </datafield>
  <datafield tag="263" ind1=" " ind2=" ">
    <subfield code="a">1602</subfield>
  </datafield>
  <datafield tag="264" ind1=" " ind2="1">
    <subfield code="a">New York :</subfield>
    <subfield code="b">Palgrave Macmillan,</subfield>
    <subfield code="c">2022.</subfield>
  </datafield>
  <datafield tag="300" ind1=" " ind2=" ">
    <subfield code="a">537pages</subfield>
  </datafield>
  <datafield tag="336" ind1=" " ind2=" ">
    <subfield code="a">text</subfield>
    <subfield code="2">rdacontent</subfield>
  </datafield>
  <datafield tag="337" ind1=" " ind2=" ">
    <subfield code="a">unmediated</subfield>
    <subfield code="2">rdamedia</subfield>
  </datafield>
  <datafield tag="338" ind1=" " ind2=" ">
    <subfield code="a">volume</subfield>
    <subfield code="2">rdacarrier</subfield>
  </datafield>
  <datafield tag="500" ind1=" " ind2=" ">
    <subfield code="a">Revised edition of the author's Entrepreneurship and small business, 2011.</subfield>
  </datafield>
  <datafield tag="500" ind1=" " ind2=" ">
    <subfield code="a">Includes index.</subfield>
  </datafield>
  <datafield tag="505" ind1="8" ind2=" ">
    <subfield code="a">Machine generated contents note: -- PART I: ENTREPRENEURSHIP -- 1. Entrepreneurship: The Social and Business Revolution -- 2. The Economics of Entrepreneurship and Public Policy -- 3. The Entrepreneurial Character -- 4. Discovering a Business Idea -- 5. Researching and Evaluating the Business Idea -- PART II: START-UP -- 6. Start-up: Developing Your Business Model -- 7. Adding Values to the Business Model -- 8. Launching the Business -- 9. Legal Foundations -- 10. Operations and Risk -- 11. Financial Management -- PART III: GROWTH -- 12. Growth: Building the Foundations -- 13. Strategies for Growth -- 14. Financing the Business -- 15. From Business Model to Business Plan -- PART IV: MATURITY -- 16. Maturity: Success and Failure -- 17. Family Business -- 18. From Entrepreneur to Entrepreneurial Leader -- 19. Corporate Entrepreneurship.</subfield>
  </datafield>
  <datafield tag="520" ind1=" " ind2=" ">
    <subfield code="a">"Entrepreneurship&amp; Small Business examines the life cycle of firms tracing development from initial start-up, through to growth and maturity. It studies entrepreneurs - what motivates them, how they manage and lead, and how certain defining characteristics they possess can help shape the businesses they run, and the wider environment of entrepreneurship to include family business, and social, civic, philanthropic and corporate enterprises.  The book expertly synthesises research foundations and academic studies with real-life practical knowledge and examples. Richly resourced with insights from a wide range of international entrepreneurs and industries, while remaining grounded in academic theory, the text fosters entrepreneurial talent, thinking and skills. Case studies, practice insights, video interviews and discussion scenarios are used to practically demonstrate how concepts are implemented in successful small and growing companies. Clearly structured and accessibly presented throughout, the vitality and expertise of the author make this an engaging and informative read.  Burns' text is ideal for undergraduates, MBA students, and students taking specialist postgraduate modules on Entrepreneurship, Enterprise, Small Business Management and New Venture Creation within business and management courses"--</subfield>
    <subfield code="c">Provided by publisher.</subfield>
  </datafield>
  <datafield tag="650" ind1=" " ind2="0">
    <subfield code="a">Entrepreneurship</subfield>
    <subfield code="x">Study and teaching.</subfield>
  </datafield>
  <datafield tag="650" ind1=" " ind2="0">
    <subfield code="a">Business education.</subfield>
  </datafield>
  <datafield tag="650" ind1=" " ind2="0">
    <subfield code="a">Small business</subfield>
    <subfield code="v">Case studies.</subfield>
  </datafield>
  <datafield tag="650" ind1=" " ind2="0">
    <subfield code="a">Entrepreneurship</subfield>
    <subfield code="v">Case studies.</subfield>
  </datafield>
  <datafield tag="650" ind1=" " ind2="7">
    <subfield code="a">BUSINESS &amp; ECONOMICS / Entrepreneurship.</subfield>
    <subfield code="2">bisacsh</subfield>
  </datafield>
  <datafield tag="650" ind1=" " ind2="7">
    <subfield code="a">BUSINESS &amp; ECONOMICS / Management.</subfield>
    <subfield code="2">bisacsh</subfield>
  </datafield>
  <datafield tag="650" ind1=" " ind2="7">
    <subfield code="a">BUSINESS &amp; ECONOMICS / Small Business.</subfield>
    <subfield code="2">bisacsh</subfield>
  </datafield>
  <datafield tag="942" ind1=" " ind2=" ">
    <subfield code="2">ddc</subfield>
    <subfield code="c">BK</subfield>
    <subfield code="h">658.022</subfield>
    <subfield code="i">BUR/E</subfield>
    <subfield code="k">658.022</subfield>
    <subfield code="m">BUR/E</subfield>
  </datafield>
  <datafield tag="952" ind1=" " ind2=" ">
    <subfield code="0">0</subfield>
    <subfield code="1">0</subfield>
    <subfield code="2">ddc</subfield>
    <subfield code="4">0</subfield>
    <subfield code="7">0</subfield>
    <subfield code="8">MANAGEMENT</subfield>
    <subfield code="a">MES</subfield>
    <subfield code="b">MES</subfield>
    <subfield code="c">MANAGEMENT</subfield>
    <subfield code="d">2023-09-01</subfield>
    <subfield code="l">0</subfield>
    <subfield code="o">658.022 BUR/E</subfield>
    <subfield code="p">42252</subfield>
    <subfield code="r">2023-09-01 11:15:37</subfield>
    <subfield code="v">999.00</subfield>
    <subfield code="w">2023-09-01</subfield>
    <subfield code="y">BK</subfield>
    <subfield code="z">GL57R2</subfield>
  </datafield>
  <datafield tag="999" ind1=" " ind2=" ">
    <subfield code="c">42034</subfield>
    <subfield code="d">42034</subfield>
  </datafield>
</record>
